The impact of the christian church in Tanzania 1885-1985 (Record no. 21455)

MARC details
000 -LEADER
fixed length control field 00621nam a2200157Ia 4500
008 - FIXED-LENGTH DATA ELEMENTS--GENERAL INFORMATION
fixed length control field 081213s9999 xx 000 0 und d
050 ## - LIBRARY OF CONGRESS CALL NUMBER
Classification number BR1443 .T35
Item number K64 1991
082 ## - DEWEY DECIMAL CLASSIFICATION NUMBER
Classification number 276.78
Item number KOL
100 ## - MAIN ENTRY--PERSONAL NAME
Personal name Kolowa, Sebastian Ignatius
245 ## - TITLE STATEMENT
Title The impact of the christian church in Tanzania 1885-1985
Statement of responsibility, etc Sebastian Ignatius Kolowa
260 ## - PUBLICATION, DISTRIBUTION, ETC. (IMPRINT)
Date of publication, distribution, etc 1991
Place of publication, distribution, etc Nairobi.
Name of publisher, distributor, etc Beeline Printing Ltd.
300 ## - PHYSICAL DESCRIPTION
Extent iv, 63p.
Dimensions 21cm.
650 ## - SUBJECT ADDED ENTRY--TOPICAL TERM
Topical term or geographic name as entry element Church history-Tanzania.
942 ## - ADDED ENTRY ELEMENTS (KOHA)
Item type Book
Source of classification or shelving scheme Library of Congress Classification
Holdings
Withdrawn status Lost status Source of classification or shelving scheme Damaged status Not for loan Collection code Home library Current library Shelving location Date acquired Total Checkouts Total Renewals Full call number Barcode Date last borrowed Price effective from Koha item type
    Library of Congress Classification     Non-fiction Bishop Okullu Memorial Library (Limuru Campus) Bishop Okullu Memorial Library (Limuru Campus) General Circulation 15/12/2008 5 2 br1443 .t35 k64 1991 013830 26/04/2021 15/12/2008 Book